Les 72 noms de savants inscrits sur la Tour Eiffel 🇫🇷 - Statistiques

Statistiques générales
  • Ce quiz a été pris 57 fois
  • Le résultat moyen est 13 sur 72
Statistiques - réponses
Commençant par Nom Métiers Titres de gloire % Correct
L Antoine Laurent de LAVOISIER Chimiste Fondateur de la chimie moderne (« Rien ne se perd, rien ne se crée, tout se transforme »)
82%
C Gaspard-Gustave CORIOLIS Ingénieur et scientifique Force de Coriolis
51%
C Michel CHASLES Mathématicien Le théorème de Chasles
51%
S Jacques Charles François STURM Mathématicien Vitesse du son dans l'eau ; Théorème de Sturm
49%
A André-Marie AMPÈRE Mathématicien et physicien Théorie de l'électromagnétisme
46%
C Jean-Antoine CHAPTAL Agronome et chimiste La chaptalisation
46%
F Jean Bernard Léon FOUCAULT Physicien Vitesse de la lumière ; gyroscope ; pendule de Foucault
44%
P Camille POLONCEAU Ingénieur Inventeur de la 'Ferme Polonceau'
41%
L Pierre-Simon de LAPLACE Astronome et mathématicien Etude de la mécanique céleste
38%
L Joseph-Louis LAGRANGE Mathématicien Mécanique lagrangienne et élaboration du système métrique
36%
T Jacques TRIGER Ingénieur Cartes géologiques, technique minière, procédé Triger
33%
C Lazare Nicolas Marguerite CARNOT Mathématicien Loi de conservation du travail
31%
M Gaspard MONGE Mathématicien Géométrie descriptive
28%
T Henri TRESCA Ingénieur et mécanicien Auteur du critère de Tresca (résistance des matériaux)
28%
F Jean Baptiste Joseph FOURIER Mathématicien et physicien Décomposition de fonctions périodiques en séries trigonométriques convergentes
26%
D Louis Jacques Mandé DAGUERRE Peintre et physicien Co-inventeur de la photographie
26%
G Louis Joseph GAY-LUSSAC Chimiste Loi de dilatation des gaz ; chimie industrielle
26%
C Baron Georges Leopold Chrétien Frédéric Dagobert CUVIER Naturaliste Inventeur de l'anatomie comparée
23%
N Claude Louis Marie Henri NAVIER Mathématicien Equations de le mécanique des fluides
23%
C Charles-Augustin COULOMB Physicien Électricité et magnétisme ; flexions et poussées en architecture
21%
B Paul Pierre BROCA Médecin et anthropologue Découverte du "centre de la parole" dans le cerveau
21%
C Augustin Louis CAUCHY Mathématicien Fonctions holomorphes et séries convergentes
18%
A Dominique François Jean ARAGO Astronome et physicien Indice de réfraction des gaz ; constance de la vitesse de la lumière
18%
P Siméon Denis POISSON Mathématicien Electricité et magnétisme ; attraction des planètes
18%
V Urbain Jean Joseph LE VERRIER Astronome Découverte "mathématique" de Neptune
18%
B Antoine BECQUEREL Physicien Idée des piles à courant constant (batteries)
15%
F Augustin Jean FRESNEL Physicien Réfraction de la lumière ; Lentilles des phares
15%
S Eugène I SCHNEIDER Industriel Forges du Creusot
15%
S Marc SEGUIN Mécanicien Constructeur de ponts suspendus - Inventeur de la chaudière tubulaire
15%
L Adrien-Marie LEGENDRE Mathématicien Méthode des moindres carrés
13%
C Emile CLAPEYRON Ingénieur et physicien Chaleur latente de changement d'état des corps purs
13%
M Etiene Louis MALUS Ingénieur, physicien et mathématicien Etude de la lumière
13%
B Pierre BERTHIER Minéralogiste Etude des "minéraux utiles"
13%
M Arthur MORIN Mathématicien et physicien Rendement et efficacité des machines
10%
C Charles COMBES Ingénieur et métallurgiste Application de la thermodynamique aux machines
10%
G Ernest GOÜIN Ingénieur et industriel Fabrication de locomotives et de machines de filature
10%
B Eugène BELGRAND Ingénieur Égouts de Paris
10%
P Gaspard DE PRONY Ingénieur Confection de tables de logarithmes ; création de l'École Polytechnique
10%
D Henri DE DION Ingénieur Utilisation de métaux dans le génie civil
10%
E Jacques-Joseph EBELMEN Chimiste Pierres précieuses artificielles
10%
P Jean Albert Vincent Auguste PERDONNET Ingénieur Chemin de fer
10%
B Jean-Augustin BARRAL Agronome, chimiste et physicien Vulgarisation scientifique
10%
D Jean Baptiste André DUMAS Chimiste, homme politique et académicien Principes fondamentaux de la chimie générale
10%
B Jean Baptiste Charles Joseph BELANGER Mathématicien Hydraulique et hydrodynamique
10%
D Jean-Baptiste Joseph DELAMBRE Astronome Longueur des méridiens
10%
P Jean-Victor PONCELET Géomètre Créateur de la géométrie projective
10%
L Joseph Jérôme Lefrançois de LALANDE Astronome Nombreux travaux d'astronomie et d'hydrologie
10%
J Jules Célestin JAMIN Physicien Travaux sur l'optique
10%
J Louis Didier JOUSSELIN Ingénieur Travaux sur les canaux et les ponts
10%
C Michel Eugène CHEVREUL Chimiste Acide gras et saponification
10%
D Pierre Louis DULONG Physicien et chimiste Propriétés des gaz
10%
H René Just HAÜY Minéralogiste Théorie de la structure des cristaux
10%
W Charles Adolphe WURTZ Chimiste Disposition des atomes dans les composés organiques
8%
D Charles-Eugène DELAUNAY Astronome Mécanique lunaire ; géométrie différentielle
8%
F Eugène FLACHAT Ingénieur Constructeur des premières lignes de chemin de fer et des premières gares - Charpentes de grande portée
8%
P François PERRIER Géographe et mathématicien Travaux de triangulation et géodésie
8%
L Gabriel LAMÉ Mathématicien Théorie des équations aux dérivées partielles, théorie mathématique de l'élasticité
8%
G Henri GIFFARD Inventeur Ballon dirigeable ; injecteur
8%
R Henri Victor REGNAULT Chimiste et physicien Propriétés thermiques des gaz
8%
F Hippolyte FIZEAU Physicien Vitesse de la lumière
8%
B Jacques Antoine Charles BRESSE Mécanicien Travaux sur la flexion des poutres
8%
B Jean-Charles de BORDA Mathématicien, physicien, politologue et marin Mesure de longueur des pendules
8%
C Jean-François CAIL Industriel Locomotives ; Construction métallique
8%
P Jules Alexandre PETIET Ingénieur Premières lignes de chemin de fer
8%
T Louis Jacques THÉNARD Chimiste Eau oxygénée ; bleu de cobalt ; blanc de céruse
8%
C Louis LE CHATELIER Chimiste et ingénieur Extraction de l'alumine
8%
P Louis POINSOT Mathématicien Mécanique rationnelle ; notion de moment
8%
V Louis VICAT Ingénieur Ciment Portland
8%
B Marie François Xavier BICHAT Anatomiste et physiologiste Père de l'histologie moderne (étude des tissus anatomiques)
8%
P Théophile-Jules PELOUZE Chimiste Cours et traités de chimie générale
8%
S Frédéric SAUVAGE Mécanicien Inventeur de l'hélice à spirale et du soufflet hydraulique
5%
B Louis BERGUET Physicien français Bobine d'induction
5%
Aucun quiz correspondant
Distribution des résultats
% des personnes avec chaque résultat
Percentile par nombre de réponses
Votre historique - résultats
Vous n’avez pas pris ce quiz